Strategické aliancie

Klasifikácia aliancií. Horizontálne, vertikálne a diagonálne aliancie. Intenzita spolupráce v rámci aliancie. Aliancie v automobilovom priemysle. Aliancia a výroba počítačov.

Guardado en:
Detalles Bibliográficos
Autor principal: Brzica, Daneš
Formato: Capítulo de libro
Lenguaje:eslovaco
Materias:
Etiquetas: Agregar Etiqueta
Sin Etiquetas, Sea el primero en etiquetar este registro!

MARC

LEADER 00000naa a2200000 4500
001 r035955
005 20230919123249.9
041 0 |a slo 
044 |a SK 
245 1 0 |a Strategické aliancie  |c Daneš Brzica 
520 |a Klasifikácia aliancií. Horizontálne, vertikálne a diagonálne aliancie. Intenzita spolupráce v rámci aliancie. Aliancie v automobilovom priemysle. Aliancia a výroba počítačov. 
610 2 0 |a kooperácia hospodárska medzinárodná 
610 2 0 |a združenia hospodárske medzinárodné 
610 2 0 |a konkurencia 
610 2 0 |a financie medzinárodné 
610 2 0 |a spolupráca hospodárska medzinárodná 
610 2 0 |a priemysel automobilový 
610 2 0 |a počítače 
100 1 |a Brzica, Daneš